00604nam a2200205Ia 4500999001700000003000400017005001700021008004100038040000600079082001900085100002400104245004100128250001200169260003500181300001100216650003000227700002400257942001200281952010500293 c28216d28216OSt20251022110406.0250310s9999||||xx |||||||||||||| ||und|| c. a623.873bM6621 91939aMilton, J. H. 0aMarine steam boilers /cJ. H. Milton a4th ed. aLondon :bButterworths,c1980. a591 p. 09230aMarine Steam Boilers 92786aLeach, Roy M. cBK2ddc 00102ddc4070aCLbCLd2025-03-10l1o623.873 M6621p05669r2025-10-22s2025-10-13w2025-03-10yBK